Central Library OPAC University of Rajshahi
Normal view MARC view

Entry Geographic Name

Number of records used in: 2

001 - CONTROL NUMBER

  • control field: 11638

003 - CONTROL NUMBER IDENTIFIER

  • control field: BD-RjUL

005 - DATE AND TIME OF LATEST TRANSACTION

  • control field: 20240211162214.0

008 - FIXED-LENGTH DATA ELEMENTS

  • fixed length control field: 240211|| aca||aabn | a|a d

040 ## - CATALOGING SOURCE

  • Original cataloging agency: BD-RjUL
  • Transcribing agency: BD-RjUL

151 ## - HEADING--GEOGRAPHIC NAME

  • Geographic name: Gurgan (Mazandaran, Iran)

670 ## - SOURCE DATA FOUND

  • Source citation: Work cat.: (BD-RjUL)83042: Rabino, Hyacinth Louis, 1877-1950 11635, Mázandarán and Astarábád سفرنام مازندران واستراباد;; با شرح بلاد و نقشه جغرافى آنها/, 1928.